000 00272nam a22001217a 4500
008 180316b xxu||||| |||| 00| 0 eng d
041 _aeng
080 _a37
100 _a25
101 _aEDU
245 _aEnglish grammar and composition
_cWarriner,J.E
942 _2udc
_cBK
999 _c45218
_d45218